[Event "Chess24 Banter Blitz Cup"]
[Site "chess24.com INT"]
[Date "2019.10.01"]
[Round "1.8"]
[White "Ramirez, Alej"]
[Black "Delgado Ramirez, N."]
[Result "1-0"]
[WhiteElo "2589"]
[BlackElo "2615"]
[PlyCount "73"]
[EventDate "2019.09.25"]
[EventType "k.o. (blitz)"]
[EventRounds "7"]
[SourceTitle "The Week in Chess 1301"]
[Source "Mark Crowther"]
[SourceDate "2019.10.14"]
[SourceVersion "2"]
[SourceVersionDate "2019.10.21"]
[SourceQuality "2"]

1. d4 Nf6 2. c4 e6 3. Nc3 Bb4 4. Qc2 d6 5. e4 Bxc3+ 6. bxc3 Nc6 7. f4 e5 8. d5
Ne7 9. fxe5 dxe5 10. Nf3 Nd7 11. Ba3 O-O 12. c5 Re8 13. Be2 Ng6 14. O-O c6 15.
d6 Ndf8 16. Rab1 Rb8 17. Bc1 h6 18. Qa4 Be6 19. Qxa7 Nd7 20. Be3 Nf4 21. Rf2
Nxe2+ 22. Rxe2 Bc4 23. Rd2 Ba6 24. Rb6 Ra8 25. Rxa6 Rxa7 26. Rxa7 Qc8 27. Rb2
Nf6 28. Rbxb7 Qg4 29. Rxf7 Qxe4 30. Rxg7+ Kh8 31. Bd2 Qb1+ 32. Be1 e4 33. Rab7
Qc1 34. Rge7 Rxe7 35. Rxe7 exf3 36. gxf3 Qe3+ 37. Rxe3 1-0

[Event "Chess24 Banter Blitz Cup"]
[Site "chess24.com INT"]
[Date "2019.10.01"]
[Round "1.9"]
[White "Delgado Ramirez, N."]
[Black "Ramirez, Alej"]
[Result "1-0"]
[WhiteElo "2615"]
[BlackElo "2589"]
[PlyCount "77"]
[EventDate "2019.09.25"]
[EventType "k.o. (blitz)"]
[EventRounds "7"]
[SourceTitle "The Week in Chess 1301"]
[Source "Mark Crowther"]
[SourceDate "2019.10.14"]
[SourceVersion "2"]
[SourceVersionDate "2019.10.21"]
[SourceQuality "2"]

1. b3 e5 2. Bb2 Nc6 3. e3 Nf6 4. Bb5 Bd6 5. Ne2 O-O 6. Bxc6 dxc6 7. d3 e4 8.
Nbc3 Re8 9. Qd2 Qe7 10. dxe4 Nxe4 11. Nxe4 Qxe4 12. O-O-O a5 13. Ng3 Qb4 14.
Bc3 Qa3+ 15. Kb1 a4 16. Qd4 Bf8 17. Bb2 Qb4 18. Qxb4 Bxb4 19. Rd3 Bd6 20. Rhd1
f6 21. Rd4 axb3 22. axb3 c5 23. Rh4 Bf8 24. Re4 Rxe4 25. Nxe4 Bf5 26. Ng3 Be6
27. f4 c4 28. bxc4 Bxc4 29. Rd7 Bd6 30. Nf5 Bf8 31. Rxc7 Bd5 32. g4 Re8 33. Bd4
Be4 34. Kb2 Bf3 35. g5 Be4 36. gxf6 gxf6 37. Ng3 f5 38. Nh5 Be7 39. Ng7 1-0

[Event "Chess24 Banter Blitz Cup"]
[Site "chess24.com INT"]
[Date "2019.10.01"]
[Round "1.10"]
[White "Ramirez, Alej"]
[Black "Delgado Ramirez, N."]
[Result "1/2-1/2"]
[WhiteElo "2589"]
[BlackElo "2615"]
[PlyCount "70"]
[EventDate "2019.09.25"]
[EventType "k.o. (blitz)"]
[EventRounds "7"]
[SourceTitle "The Week in Chess 1301"]
[Source "Mark Crowther"]
[SourceDate "2019.10.14"]
[SourceVersion "2"]
[SourceVersionDate "2019.10.21"]
[SourceQuality "2"]

1. d4 Nf6 2. c4 g6 3. Nc3 Bg7 4. g3 O-O 5. Bg2 d6 6. Nf3 Nbd7 7. O-O e5 8. e4
exd4 9. Nxd4 Re8 10. h3 a6 11. Bg5 Rb8 12. Qd2 Ne5 13. b3 c5 14. Nc2 Bxh3 15.
f4 Bxg2 16. fxe5 Bxf1 17. exf6 Bxf6 18. Bxf6 Qxf6 19. Rxf1 Qe5 20. Rf4 b5 21.
Nd5 Re6 22. Nce3 h5 23. Qf2 Rb7 24. g4 hxg4 25. Nxg4 Qg5 26. Kf1 f5 27. exf5
gxf5 28. Nge3 Rh7 29. Rxf5 Rh1+ 30. Ke2 Qg4+ 31. Kd2 Qd4+ 32. Kc2 Qe4+ 33. Kd2
Qd4+ 34. Kc2 Qe4+ 35. Kd2 Qd4+ 1/2-1/2

[Event "Chess24 Banter Blitz Cup"]
[Site "chess24.com INT"]
[Date "2019.10.01"]
[Round "1.11"]
[White "Delgado Ramirez, N."]
[Black "Ramirez, Alej"]
[Result "0-1"]
[WhiteElo "2615"]
[BlackElo "2589"]
[PlyCount "62"]
[EventDate "2019.09.25"]
[EventType "k.o. (blitz)"]
[EventRounds "7"]
[SourceTitle "The Week in Chess 1301"]
[Source "Mark Crowther"]
[SourceDate "2019.10.14"]
[SourceVersion "2"]
[SourceVersionDate "2019.10.21"]
[SourceQuality "2"]

1. d4 e6 2. Bf4 c5 3. d5 exd5 4. Nc3 d4 5. Nd5 d6 6. e3 Be6 7. c4 Nf6 8. exd4
Nxd5 9. cxd5 Bxd5 10. dxc5 dxc5 11. Qe2+ Be6 12. Qb5+ Qd7 13. Nf3 a6 14. Qb6
Qc6 15. Qa5 Qe4+ 16. Be3 Nc6 17. Qc3 Nd4 18. O-O-O Be7 19. Bd3 Qd5 20. a3 O-O
21. Nxd4 cxd4 22. Qxd4 Rac8+ 23. Bc2 Rxc2+ 24. Kxc2 Qb3+ 25. Kd2 Rd8 26. Qxd8+
Bxd8 27. Ke1 Ba5+ 28. Ke2 Bc4+ 29. Kf3 h6 30. Rd4 Bd5+ 31. Kg3 Bc7+ 0-1

[Event "Chess24 Banter Blitz Cup"]
[Site "chess24.com INT"]
[Date "2019.10.01"]
[Round "1.12"]
[White "Ramirez, Alej"]
[Black "Delgado Ramirez, N."]
[Result "1-0"]
[WhiteElo "2589"]
[BlackElo "2615"]
[PlyCount "125"]
[EventDate "2019.09.25"]
[EventType "k.o. (blitz)"]
[EventRounds "7"]
[SourceTitle "The Week in Chess 1301"]
[Source "Mark Crowther"]
[SourceDate "2019.10.14"]
[SourceVersion "2"]
[SourceVersionDate "2019.10.21"]
[SourceQuality "2"]

1. d4 Nf6 2. c4 e6 3. Nc3 Bb4 4. Qc2 d5 5. cxd5 exd5 6. Nf3 O-O 7. Bf4 c5 8. e3
Nc6 9. dxc5 Bxc5 10. Be2 Re8 11. O-O h6 12. Rfd1 Bb6 13. Na4 Bg4 14. h3 Bh5 15.
Qb3 Re4 16. Nxb6 axb6 17. Rd2 Rb4 18. Qd1 Qe7 19. a3 Re4 20. Rc1 Re8 21. Nd4
Nxd4 22. Bxh5 Nxh5 23. Qxh5 Nb3 24. Rc7 Nxd2 25. Rxe7 R4xe7 26. Qxd5 Ne4 27.
Qd4 Re6 28. f3 Nf6 29. e4 Rc6 30. Be5 Rce6 31. Bxf6 gxf6 32. Kh2 Kg7 33. a4
R8e7 34. b4 Re8 35. Qd5 R8e7 36. Qd8 Re8 37. Qc7 R8e7 38. Qb8 Rc6 39. b5 Rce6
40. h4 Re5 41. Qd8 R5e6 42. g4 Re8 43. Qd5 R8e7 44. h5 Re5 45. Qd4 R5e6 46. Kg3
Rc7 47. Qd5 Rce7 48. Kf4 Rc7 49. Qd4 Rce7 50. Ke3 Rc7 51. Qd5 Rce7 52. Kf4 Rc7
53. Kg3 Rce7 54. Qd8 Re8 55. Qd7 R8e7 56. Qd3 Re8 57. Qe3 R8e7 58. Qf4 Re8 59.
Qf5 R8e7 60. a5 bxa5 61. Qc5 b6 62. Qa3 Rd7 63. Qc3 1-0

[Event "FIDE World Cup 2019"]
[Site "Khanty-Mansiysk RUS"]
[Date "2019.09.10"]
[Round "1.1"]
[White "McShane, L."]
[Black "Delgado Ramirez, N."]
[Result "1/2-1/2"]
[WhiteElo "2682"]
[BlackElo "2615"]
[PlyCount "103"]
[EventDate "2019.09.10"]
[EventType "k.o."]
[EventRounds "7"]
[EventCountry "RUS"]
[SourceVersionDate "2018.05.14"]

1. Nf3 c5 2. c4 b6 3. d4 cxd4 4. Nxd4 Bb7 5. Nc3 Nf6 6. Bg5 Nc6 7. e3 a6 8. Be2
e6 9. O-O Be7 10. Rc1 O-O 11. Bh4 Ne5 12. f4 Ng6 13. Bg3 Ne4 14. Nxe4 Bxe4 15.
Bd3 Bxd3 16. Qxd3 f5 17. Rcd1 Qc7 18. b3 Qb7 19. a4 Nh8 20. Nf3 Rfd8 21. Bh4
Bxh4 22. Nxh4 d5 23. Nf3 Nf7 24. Qe2 Rd6 25. Rd4 Rad8 26. Rfd1 g6 27. h3 dxc4
28. Qxc4 b5 29. axb5 axb5 30. Qc5 Rxd4 31. Rxd4 Rc8 32. Qb4 Qc6 33. Kf2 Qc1 34.
Rd2 Rc2 35. Ke2 Rxd2+ 36. Qxd2 Qc6 37. Kf1 h6 38. Qb2 g5 39. Kg1 b4 40. Qd4
Qc1+ 41. Kf2 Qc2+ 42. Nd2 Qc3 43. Ke2 Qc6 44. Kf2 Qc3 45. fxg5 hxg5 46. Ke2 Qc6
47. e4 Qb5+ 48. Nc4 Qc6 49. Ne3 Nd6 50. exf5 Nxf5 51. Qe5 Kh7 52. Nxf5 1/2-1/2

[Event "FIDE World Cup 2019"]
[Site "Khanty-Mansiysk RUS"]
[Date "2019.09.11"]
[Round "1.2"]
[White "Delgado Ramirez, N."]
[Black "McShane, L."]
[Result "1/2-1/2"]
[WhiteElo "2615"]
[BlackElo "2682"]
[PlyCount "62"]
[EventDate "2019.09.10"]
[EventType "k.o."]
[EventRounds "7"]
[EventCountry "RUS"]
[SourceVersionDate "2018.05.14"]

1. e4 e5 2. Nf3 Nc6 3. Bb5 Nf6 4. O-O Nxe4 5. d4 Nd6 6. dxe5 Nxb5 7. a4 Nbd4 8.
Nxd4 d5 9. exd6 Nxd4 10. Qxd4 Qxd6 11. Qe3+ Be6 12. Nc3 a6 13. Rd1 Qc6 14. Rd3
Rd8 15. Rxd8+ Kxd8 16. Qd4+ Ke8 17. Bf4 f6 18. Rd1 Be7 19. Nd5 Bxd5 20. Qxd5
Qxd5 21. Rxd5 Kf7 22. Kf1 Rd8 23. Rxd8 Bxd8 24. Ke2 Ke6 25. g4 f5 26. f3 b5 27.
axb5 axb5 28. b3 g6 29. Kd3 Kd5 30. c4+ bxc4+ 31. bxc4+ Ke6 1/2-1/2

[Event "FIDE World Cup 2019"]
[Site "Khanty-Mansiysk RUS"]
[Date "2019.09.12"]
[Round "1.3"]
[White "McShane, L."]
[Black "Delgado Ramirez, N."]
[Result "1-0"]
[WhiteElo "2682"]
[BlackElo "2615"]
[PlyCount "113"]
[EventDate "2019.09.10"]
[EventType "k.o."]
[EventRounds "7"]
[EventCountry "RUS"]
[SourceVersionDate "2018.05.14"]

1. Nf3 Nf6 2. c4 e6 3. g3 a6 4. Bg2 b5 5. b3 Bb7 6. Nc3 b4 7. Na4 d6 8. O-O
Nbd7 9. d4 Nb6 10. Nxb6 cxb6 11. d5 e5 12. Ne1 Be7 13. Nd3 a5 14. e4 Nd7 15.
Qd2 Bf6 16. Bb2 O-O 17. f4 Re8 18. Kh1 Ba6 19. Rac1 Rc8 20. Bh3 Rc7 21. Bxd7
Rxd7 22. fxe5 dxe5 23. Qf2 Qb8 24. Rcd1 Bc8 25. h3 Rb7 26. Kh2 Qd6 27. Bc1 Bd8
28. g4 Qg6 29. Qf3 Rd7 30. Bb2 Bc7 31. Kh1 Bd6 32. Rd2 f6 33. Rg2 Rc7 34. Qe3
Rb7 35. Bc1 h6 36. Qf3 Bd7 37. Be3 a4 38. Bd2 axb3 39. axb3 Ra8 40. Bxb4 Bxb4
41. Nxb4 Ra3 42. Nc2 Ra2 43. Ne3 Rxg2 44. Kxg2 Ra7 45. b4 Ra3 46. c5 Bb5 47.
Re1 bxc5 48. bxc5 Bd3 49. Nf5 Qg5 50. Re3 g6 51. h4 Qf4 52. Qxf4 exf4 53. Rxd3
Rxd3 54. c6 Kf8 55. d6 Ke8 56. Ng7+ Kf7 57. c7 1-0

[Event "FIDE World Cup 2019"]
[Site "Khanty-Mansiysk RUS"]
[Date "2019.09.12"]
[Round "1.4"]
[White "Delgado Ramirez, N."]
[Black "McShane, L."]
[Result "1/2-1/2"]
[WhiteElo "2615"]
[BlackElo "2682"]
[PlyCount "69"]
[EventDate "2019.09.10"]
[EventType "k.o."]
[EventRounds "7"]
[EventCountry "RUS"]
[SourceVersionDate "2018.05.14"]

1. e4 e5 2. Nf3 Nc6 3. Bb5 Nf6 4. d3 Bc5 5. Bxc6 dxc6 6. Nbd2 Be6 7. O-O Nd7 8.
Nb3 Bb6 9. Ng5 Nf8 10. Kh1 f6 11. Nxe6 Nxe6 12. f4 exf4 13. Bxf4 Qd7 14. a4
O-O-O 15. a5 Bd4 16. Nxd4 Qxd4 17. Bg3 Qxb2 18. Qd2 Nd4 19. Rfc1 Rd7 20. a6 b6
21. Qf2 Rhd8 22. e5 f5 23. e6 Nxe6 24. Qxf5 Nd4 25. Qe4 Qb5 26. Rab1 Qd5 27.
Qe3 h6 28. Bf2 Qe6 29. Qd2 Qe2 30. Qf4 g5 31. Qf6 Rd6 32. Qf7 R6d7 33. Qf6 Rd6
34. Qf7 R6d7 35. Qf6 1/2-1/2

[Event "7th ch-Iberoamericano"]
[Site "Linares ESP"]
[Date "2019.08.10"]
[Round "1.4"]
[White "Torres Sanchez, J."]
[Black "Delgado Ramirez, N."]
[Result "0-1"]
[WhiteElo "2304"]
[BlackElo "2612"]
[PlyCount "58"]
[EventDate "2019.08.10"]
[SourceVersionDate "2018.05.14"]

1. e4 c5 2. Nc3 a6 3. Nf3 d6 4. d4 cxd4 5. Nxd4 Nf6 6. f4 e5 7. Nf3 Nbd7 8. a4
Be7 9. Bc4 Qa5 10. Bd2 O-O 11. Qe2 exf4 12. O-O Ne5 13. Bb3 Ng6 14. Kh1 Qc5 15.
Rad1 Bg4 16. Bc1 Rae8 17. Qc4 Bd8 18. Qd3 Ba5 19. Qxd6 Qh5 20. e5 Rd8 21. exf6
Rxd6 22. Rxd6 Bxf3 23. gxf3 Qh3 24. Rf2 Rd8 25. Ne4 Rxd6 26. Nxd6 gxf6 27.
Bxf7+ Kf8 28. Bxg6 hxg6 29. Nc4 Be1 0-1

[Event "7th ch-Iberoamericano"]
[Site "Linares ESP"]
[Date "2019.08.11"]
[Round "2.3"]
[White "Delgado Ramirez, N."]
[Black "Cori T., D."]
[Result "1-0"]
[WhiteElo "2612"]
[BlackElo "2400"]
[PlyCount "73"]
[EventDate "2019.08.10"]
[SourceVersionDate "2018.05.14"]

1. e4 e5 2. Nf3 Nf6 3. Nc3 Nc6 4. Be2 Bb4 5. Nd5 Ba5 6. c3 O-O 7. O-O d6 8. a4
Bb6 9. d3 h6 10. b4 a5 11. Nxb6 cxb6 12. b5 Ne7 13. Nd2 Ng6 14. Ba3 Qc7 15. g3
Rd8 16. Bf3 Nf8 17. Rc1 Bh3 18. Re1 Rac8 19. Nc4 Ne6 20. Ne3 Qd7 21. Bh1 Nc5
22. f4 h5 23. Bb2 Be6 24. c4 Bg4 25. Qc2 Re8 26. Rf1 Bh3 27. Rf3 d5 28. fxe5
dxe4 29. Rxf6 exd3 30. Qd1 gxf6 31. Qxh5 d2 32. Rd1 fxe5 33. Qg5+ Kf8 34. Qh6+
Kg8 35. Nd5 Re6 36. Qxh3 Qd8 37. Qg4+ 1-0

[Event "7th ch-Iberoamericano"]
[Site "Linares ESP"]
[Date "2019.08.12"]
[Round "3.2"]
[White "Escobar Forero, A."]
[Black "Delgado Ramirez, N."]
[Result "1/2-1/2"]
[WhiteElo "2477"]
[BlackElo "2612"]
[PlyCount "94"]
[EventDate "2019.08.10"]
[SourceVersionDate "2018.05.14"]

1. e4 e5 2. Nf3 Nc6 3. Bb5 Nge7 4. Nc3 d6 5. d4 a6 6. Be2 exd4 7. Nxd4 Nxd4 8.
Qxd4 Nc6 9. Qd2 g6 10. Nd5 Bg7 11. Qg5 Be6 12. Qxd8+ Kxd8 13. Bg5+ Kd7 14.
O-O-O h6 15. Bf6 Bxf6 16. Nxf6+ Ke7 17. Ng4 Bxg4 18. Bxg4 Ne5 19. Be2 g5 20.
Bh5 Raf8 21. g3 g4 22. Rde1 Rhg8 23. h3 f5 24. exf5 Rxf5 25. Bxg4 Rxf2 26. Re3
Rg2 27. Rf1 Kd8 28. Rf4 Nxg4 29. Rxg4 Rxg4 30. hxg4 Kd7 31. a4 a5 32. Rf3 Kc6
33. Rc3+ Kb6 34. Rb3+ Ka6 35. Re3 b6 36. b3 b5 37. axb5+ Kxb5 38. Rf3 d5 39.
Rf5 c6 40. g5 hxg5 41. Rxg5 a4 42. bxa4+ Kxa4 43. Kb2 d4 44. Rc5 d3 45. Rxc6
dxc2 46. Rc4+ Kb5 47. Rxc2 Rxg3 1/2-1/2

[Event "7th ch-Iberoamericano"]
[Site "Linares ESP"]
[Date "2019.08.13"]
[Round "4.3"]
[White "Delgado Ramirez, N."]
[Black "Salinas Herrera, P."]
[Result "1-0"]
[WhiteElo "2612"]
[BlackElo "2506"]
[PlyCount "49"]
[EventDate "2019.08.10"]
[SourceVersionDate "2018.05.14"]

1. e4 e5 2. Nf3 Nc6 3. Bb5 a6 4. Ba4 d6 5. Bxc6+ bxc6 6. d4 exd4 7. Nxd4 Ne7 8.
Bg5 f6 9. Be3 g6 10. Nc3 Rb8 11. Qe2 Bg7 12. O-O-O Qd7 13. f4 O-O 14. Rhf1 c5
15. Nb3 Qe6 16. h3 f5 17. e5 Nc6 18. Rfe1 Re8 19. exd6 Qf7 20. Qf3 Nd4 21. Bxd4
Rxe1 22. Rxe1 Bb7 23. dxc7 Qxc7 24. Nd5 Qf7 25. Ne7+ 1-0

[Event "7th ch-Iberoamericano"]
[Site "Linares ESP"]
[Date "2019.08.15"]
[Round "6.2"]
[White "Delgado Ramirez, N."]
[Black "Cuenca Jimenez, J."]
[Result "1/2-1/2"]
[WhiteElo "2612"]
[BlackElo "2515"]
[PlyCount "116"]
[EventDate "2019.08.10"]
[SourceVersionDate "2018.05.14"]

1. e4 e5 2. Nf3 Nc6 3. Bb5 a6 4. Ba4 Nf6 5. Nc3 b5 6. Bb3 Be7 7. O-O O-O 8. d3
d6 9. a4 Bg4 10. Be3 Nd4 11. Bxd4 exd4 12. Nd5 c6 13. Nxf6+ Bxf6 14. h3 Be6 15.
Nd2 Bxb3 16. cxb3 g6 17. f4 Bg7 18. Qc2 c5 19. e5 Rc8 20. axb5 axb5 21. exd6
Qxd6 22. f5 Rfe8 23. Ne4 Qe5 24. Qf2 c4 25. Rae1 Qxf5 26. Qxf5 gxf5 27. Nd6
Rxe1 28. Rxe1 Rd8 29. Nxf5 c3 30. Kf2 b4 31. Re2 Bf6 32. Ke1 h5 33. Kd1 Ra8 34.
bxc3 bxc3 35. b4 Rb8 36. g4 hxg4 37. Rg2 Rxb4 38. Rxg4+ Kf8 39. Kc1 Ra4 40. Kb1
Ke8 41. h4 Kd7 42. h5 Ke6 43. Ng7+ Bxg7 44. Rxg7 Ra5 45. Rg4 Rxh5 46. Rxd4 Rh2
47. Rc4 f5 48. Rxc3 f4 49. Rc2 Rh3 50. Rc4 Kf5 51. Kc2 Rh2+ 52. Kd1 Kg4 53. Rc8
Kf3 54. d4 Ke3 55. Rc3+ Kxd4 56. Ra3 Ke4 57. Ke1 Kf5 58. Kf1 Kg4 1/2-1/2

[Event "7th ch-Iberoamericano"]
[Site "Linares ESP"]
[Date "2019.08.16"]
[Round "7.3"]
[White "Sosa, T ARG."]
[Black "Delgado Ramirez, N."]
[Result "1/2-1/2"]
[WhiteElo "2508"]
[BlackElo "2612"]
[PlyCount "35"]
[EventDate "2019.08.10"]
[SourceVersionDate "2018.05.14"]

1. e4 e5 2. Nf3 Nf6 3. d4 exd4 4. e5 Ne4 5. Qxd4 d5 6. exd6 Nxd6 7. Nc3 Nc6 8.
Qf4 Nf5 9. Nb5 Bb4+ 10. c3 Ba5 11. Be2 O-O 12. O-O Re8 13. Bc4 a6 14. Nbd4
Ncxd4 15. Nxd4 Qd6 16. Qf3 Qg6 17. Nxf5 Bxf5 18. Be3 1/2-1/2

[Event "5th Arica Open 2018"]
[Site "Arica CHI"]
[Date "2018.12.17"]
[Round "7.5"]
[White "Delgado Ramirez, N."]
[Black "Gemy, J."]
[Result "1-0"]
[WhiteElo "2620"]
[BlackElo "2401"]
[PlyCount "33"]
[EventDate "2018.12.13"]
[EventType "swiss"]
[EventRounds "10"]
[EventCountry "CHI"]
[SourceTitle "The Week in Chess 1260"]
[Source "Mark Crowther"]
[SourceDate "2018.12.31"]
[SourceVersion "2"]
[SourceVersionDate "2019.08.03"]
[SourceQuality "2"]

1. e4 e5 2. Nf3 Nc6 3. Nc3 g6 4. d4 exd4 5. Nd5 Bg7 6. Bg5 Nge7 7. Nxd4 Bxd4 8.
Bxe7 Nxe7 9. Qxd4 O-O 10. Nf6+ Kh8 11. O-O-O Nc6 12. Qc3 d6 13. Nd7+ Kg8 14.
Nxf8 Qxf8 15. Bb5 Qh6+ 16. Kb1 Ne5 17. Qxc7 1-0

[Event "43rd Olympiad 2018"]
[Site "Batumi GEO"]
[Date "2018.10.02"]
[Round "8.25"]
[White "Delgado Ramirez, N."]
[Black "Mareco, S."]
[Result "1/2-1/2"]
[WhiteElo "2619"]
[BlackElo "2649"]
[PlyCount "74"]
[EventDate "2018.09.24"]
[EventType "team"]
[EventRounds "11"]
[EventCountry "GEO"]
[SourceTitle "The Week in Chess 1248"]
[Source "Mark Crowther"]
[SourceDate "2018.10.08"]
[SourceVersion "4"]
[SourceVersionDate "2019.08.03"]
[SourceQuality "2"]
[WhiteTeam "Paraguay"]
[BlackTeam "Argentina"]
[WhiteTeamCountry "PAR"]
[BlackTeamCountry "ARG"]

1. e4 c5 2. Nf3 e6 3. b3 d6 4. Bb2 Nf6 5. Bb5+ Nbd7 6. e5 dxe5 7. Nxe5 Bd6 8.
Bxd7+ Bxd7 9. Nxd7 Qxd7 10. Qf3 Qc7 11. Nc3 a6 12. h4 Be5 13. h5 h6 14. O-O-O
O-O 15. Rhe1 Rfd8 16. Kb1 Bd4 17. d3 Rac8 18. g4 b5 19. Ne4 Nd5 20. c4 Ne7 21.
g5 hxg5 22. Bc1 f6 23. h6 Nf5 24. hxg7 bxc4 25. dxc4 Be5 26. Rxd8+ Rxd8 27.
Nxf6+ Bxf6 28. Rxe6 Nd4 29. Qxf6 Nxe6 30. Qxe6+ Qf7 31. Qxf7+ Kxf7 32. Bxg5 Rc8
33. Kb2 Kxg7 34. Ka3 Kf7 35. Ka4 Ke6 36. Ka5 Kd6 37. a3 Kc6 1/2-1/2

[Event "43rd Olympiad 2018"]
[Site "Batumi GEO"]
[Date "2018.10.03"]
[Round "9.41"]
[White "Hussein, AH."]
[Black "Delgado Ramirez, N."]
[Result "0-1"]
[WhiteElo "2273"]
[BlackElo "2619"]
[PlyCount "85"]
[EventDate "2018.09.24"]
[EventType "team"]
[EventRounds "11"]
[EventCountry "GEO"]
[SourceTitle "The Week in Chess 1248"]
[Source "Mark Crowther"]
[SourceDate "2018.10.08"]
[SourceVersion "4"]
[SourceVersionDate "2019.08.03"]
[SourceQuality "2"]
[WhiteTeam "Iraq"]
[BlackTeam "Paraguay"]
[WhiteTeamCountry "IRQ"]
[BlackTeamCountry "PAR"]

1. e4 c5 2. Nf3 d6 3. Be2 Nf6 4. c3 g6 5. O-O Bg7 6. Bb5+ Nc6 7. Re1 O-O 8. h3
Bd7 9. Na3 Ne5 10. Bf1 Bc6 11. d4 Nxf3+ 12. gxf3 cxd4 13. cxd4 e6 14. Bg5 h6
15. Be3 Nh7 16. Bg2 Qh4 17. Nc4 d5 18. Na5 dxe4 19. Nxc6 exf3 20. Qxf3 bxc6 21.
Rad1 Rac8 22. Rd3 Rfd8 23. Red1 Rd7 24. Rc3 Bxd4 25. Rxc6 Rxc6 26. Qxc6 Bxe3
27. Qxd7 Qxf2+ 28. Kh1 Nf6 29. Qc8+ Kg7 30. Qc3 Bf4 31. Rf1 Qh4 32. Qd4 e5 33.
Qf2 Qg5 34. Bf3 Qf5 35. Qg2 e4 36. Be2 g5 37. Bc4 Qe5 38. Rd1 Nh5 39. Qc2 Ng3+
40. Kg2 Nf5 41. Re1 Be3 42. Qc3 Bd4 43. Qb3 0-1

[Event "43rd Olympiad 2018"]
[Site "Batumi GEO"]
[Date "2018.10.04"]
[Round "10.33"]
[White "Delgado Ramirez, N."]
[Black "Cawdery, D."]
[Result "1-0"]
[WhiteElo "2619"]
[BlackElo "2422"]
[PlyCount "65"]
[EventDate "2018.09.24"]
[EventType "team"]
[EventRounds "11"]
[EventCountry "GEO"]
[SourceTitle "The Week in Chess 1248"]
[Source "Mark Crowther"]
[SourceDate "2018.10.08"]
[SourceVersion "4"]
[SourceVersionDate "2019.08.03"]
[SourceQuality "2"]
[WhiteTeam "Paraguay"]
[BlackTeam "South Africa"]
[WhiteTeamCountry "PAR"]
[BlackTeamCountry "RSA"]

1. e4 c5 2. Nf3 Nc6 3. Bb5 g6 4. O-O Bg7 5. Nc3 e5 6. a3 Nge7 7. b4 d6 8. bxc5
dxc5 9. d3 O-O 10. Bc4 Nd4 11. h3 Be6 12. Bg5 f6 13. Bxe6+ Nxe6 14. Be3 Qd7 15.
Qb1 Nd4 16. Nd2 Rab8 17. a4 h5 18. a5 g5 19. Bxd4 cxd4 20. Qb5 Qc6 21. Qxc6
bxc6 22. Na4 Rb5 23. Nb3 Nc8 24. Rfb1 Nd6 25. c4 dxc3 26. Nxc3 Rb4 27. Nc5
Rxb1+ 28. Rxb1 Rc8 29. a6 Bf8 30. Nd7 Be7 31. Rb7 Kf7 32. Rxa7 Ke8 33. Nb6 1-0

[Event "43rd Olympiad 2018"]
[Site "Batumi GEO"]
[Date "2018.10.05"]
[Round "11.20"]
[White "Lupulescu, C."]
[Black "Delgado Ramirez, N."]
[Result "1/2-1/2"]
[WhiteElo "2606"]
[BlackElo "2619"]
[PlyCount "67"]
[EventDate "2018.09.24"]
[EventType "team"]
[EventRounds "11"]
[EventCountry "GEO"]
[SourceTitle "The Week in Chess 1248"]
[Source "Mark Crowther"]
[SourceDate "2018.10.08"]
[SourceVersion "4"]
[SourceVersionDate "2019.08.03"]
[SourceQuality "2"]
[WhiteTeam "Romania"]
[BlackTeam "Paraguay"]
[WhiteTeamCountry "ROU"]
[BlackTeamCountry "PAR"]

1. d4 Nf6 2. c4 e6 3. Nf3 Bb4+ 4. Bd2 a5 5. a3 Bxd2+ 6. Qxd2 b6 7. Nc3 Bb7 8.
Qc2 d6 9. e4 Nbd7 10. Be2 O-O 11. O-O e5 12. d5 Qe7 13. b4 Rfc8 14. Nd2 c6 15.
Qb2 Qd8 16. g3 axb4 17. axb4 Rxa1 18. Rxa1 Ra8 19. dxc6 Bxc6 20. Nd5 Kf8 21.
Bd3 Qb8 22. Ra3 Rxa3 23. Qxa3 Qa8 24. Qxa8+ Bxa8 25. f3 Bb7 26. Kf2 Nxd5 27.
cxd5 Ke7 28. Bb5 Nb8 29. Nc4 Ba6 30. Bxa6 Nxa6 31. b5 Nc7 32. Na3 f5 33. g4 f4
34. h4 1/2-1/2

[Event "14th American Continental"]
[Site "Sao Paulo BRA"]
[Date "2019.07.10"]
[Round "8.2"]
[White "Delgado Ramirez, N."]
[Black "Krysa, L."]
[Result "1-0"]
[WhiteElo "2605"]
[BlackElo "2517"]
[PlyCount "145"]
[EventDate "2019.07.05"]
[EventType "swiss"]
[EventRounds "11"]
[EventCountry "BRA"]
[SourceTitle "The Week in Chess 1288"]
[Source "Mark Crowther"]
[SourceDate "2019.07.15"]
[SourceVersion "2"]
[SourceVersionDate "2019.07.21"]
[SourceQuality "2"]

1. e4 e5 2. Nf3 Nc6 3. Bb5 a6 4. Ba4 Nf6 5. O-O b5 6. Bb3 Bb7 7. d3 Be7 8. a4
O-O 9. Nc3 Na5 10. Ba2 b4 11. Nd5 Nxd5 12. Bxd5 c6 13. Ba2 d6 14. c3 c5 15. Bd2
bxc3 16. Bxc3 Nc6 17. Bd5 Bg5 18. Qb3 Rb8 19. Nxg5 Qxg5 20. Qc4 Qe7 21. Bxc6
Bxc6 22. f4 exf4 23. Rxf4 Qe6 24. Qxa6 d5 25. exd5 Qxd5 26. Rg4 g6 27. Qc4 f5
28. Qxd5+ Bxd5 29. Rf4 Rfe8 30. a5 Re3 31. a6 Rxd3 32. a7 Ra8 33. Rfa4 Be4 34.
Ra5 Rd7 35. b4 cxb4 36. Bxb4 Rb7 37. Bc5 Rb2 38. Bf2 Kf7 39. Rc5 Rb7 40. Rc3
Ke6 41. h4 Rd8 42. Rca3 Ra8 43. Ra6+ Kf7 44. Bd4 Rd7 45. Be3 Rb7 46. Rc1 Kg8
47. Rd1 Kf7 48. Kh2 Rb2 49. Rd7+ Kg8 50. Rb6 Rxb6 51. Bxb6 Rf8 52. Bc5 Rc8 53.
Be3 Rc4 54. h5 gxh5 55. Rd8+ Kf7 56. a8=Q Bxa8 57. Rxa8 f4 58. Bb6 Kg6 59. Ra5
Rc2 60. Kg1 h4 61. Bd8 h3 62. gxh3 Rc1+ 63. Kg2 Rc2+ 64. Kf3 Rc3+ 65. Kg4 h5+
66. Kh4 f3 67. Rg5+ Kf7 68. Rf5+ Ke6 69. Rf4 Ke5 70. Bg5 Rb3 71. Kg3 f2+ 72.
Kh2 Rb2 73. Kg2 1-0

[Event "14th American Continental"]
[Site "Sao Paulo BRA"]
[Date "2019.07.11"]
[Round "9.2"]
[White "Pichot, A."]
[Black "Delgado Ramirez, N."]
[Result "1/2-1/2"]
[WhiteElo "2579"]
[BlackElo "2605"]
[PlyCount "65"]
[EventDate "2019.07.05"]
[EventType "swiss"]
[EventRounds "11"]
[EventCountry "BRA"]
[SourceTitle "The Week in Chess 1288"]
[Source "Mark Crowther"]
[SourceDate "2019.07.15"]
[SourceVersion "2"]
[SourceVersionDate "2019.07.21"]
[SourceQuality "2"]

1. e4 e5 2. Nf3 Nf6 3. Nxe5 d6 4. Nd3 Nxe4 5. Qe2 Qe7 6. Nf4 Nf6 7. d4 Qxe2+ 8.
Bxe2 Bf5 9. c3 Be7 10. O-O O-O 11. f3 Re8 12. g4 Bc8 13. Bd3 c6 14. Na3 d5 15.
Nc2 h6 16. Bd2 Nbd7 17. Ne3 Nf8 18. Nf5 Bxf5 19. Bxf5 N6d7 20. Ng2 Nb6 21. Rae1
Bd6 22. Bd3 Ne6 23. h4 c5 24. dxc5 Nxc5 25. Bc2 Nc4 26. Bc1 Rxe1 27. Rxe1 Ne5
28. Rd1 Nxf3+ 29. Kf2 Ne5 30. Ne3 Be7 31. Kg3 Ne4+ 32. Kg2 Bc5 33. Rxd5 1/2-1/2